LEADER 01212nam2-22003131i-450- 001 990000162590403321 005 20070205150032.0 010 $a0 8031 1912 7 035 $a000016259 035 $aFED01000016259 035 $a(Aleph)000016259FED01 035 $a000016259 100 $a20020821g1993----km-y0itay50------ba 101 0 $aita 105 $ay-------001yy 200 1 $aSection 2. : Nonferrous metal products.Volume 02.04. : Nonferrous metals-nickel,cobalt, lead, tin, zinc, cadmium, precious,reactive, refractory metals and alloys.XX, 856 p. : ill. 210 $aPhiladelphia$cASTM$dcopyr. 1993- 215 $av.$d27 cm 461 0$1001000012405$12001$a1993 annual book of ASTM standards. 610 0 $aMetalli non ferrosi$aManufatti$aUnificazione 676 $a673 710 02$aAmerican Society for Testing and Materials$020347 801 0$aIT$bUNINA$gRICA$2UNIMARC 901 $aBK 912 $a990000162590403321 952 $a13 M 36 11$b7647$fFINBC 959 $aFINBC 996 $aSection 2. : Nonferrous metal products.Volume 02.04. : Nonferrous metals-nickel,cobalt, lead, tin, zinc, cadmium, precious,reactive, refractory metals and alloys.XX, 856 p. : ill$9121863 997 $aUNINA LEADER 02596nam 2200673 450 001 9910787411403321 005 20230124193003.0 010 $a1-57387-707-7 035 $a(CKB)3710000000362986 035 $a(EBL)3316173 035 $a(SSID)ssj0001441619 035 $a(PQKBManifestationID)12631695 035 $a(PQKBTitleCode)TC0001441619 035 $a(PQKBWorkID)11412508 035 $a(PQKB)10244007 035 $a(MiAaPQ)EBC3316173 035 $a(Au-PeEL)EBL3316173 035 $a(CaPaEBR)ebr11023077 035 $a(CaONFJC)MIL718245 035 $a(OCoLC)905559379 035 $a(EXLCZ)993710000000362986 100 $a20150624h20152015 uy 0 101 0 $aeng 135 $aur|n|---||||| 181 $ctxt 182 $cc 183 $acr 200 14$aThe accidental data scientist $ebig data applications and opportunities for librarians and information professionals /$fAmy L. Affelt ; foreword by Thomas H. Davenport 210 1$aMedford, New Jersey :$cInformation Today, Inc.,$d2015. 210 4$dİ2015 215 $a1 online resource (240 p.) 300 $aIncludes index. 311 $a1-57387-511-2 327 $aBig data : everything old is new again -- What the elves do -- The 21st century librarian's skillset : the role of big data -- Dipping a toe in the water : simple tools to get you started -- Big data applications and initiatives by industry -- Big data projects for info pros -- Big data communications framework : insights into big data mastery for information professionals -- Data scientists wanted : career opportunities in a big data world. 606 $aLibrarians$xEffect of technological innovations on 606 $aLibrary science$xVocational guidance 606 $aInformation science$xVocational guidance 606 $aBig data 606 $aData libraries 606 $aDatabase searching 606 $aElectronic information resource literacy 615 0$aLibrarians$xEffect of technological innovations on. 615 0$aLibrary science$xVocational guidance. 615 0$aInformation science$xVocational guidance. 615 0$aBig data. 615 0$aData libraries. 615 0$aDatabase searching. 615 0$aElectronic information resource literacy. 676 $a020.23 686 $a32.24$2EP-CLASS 700 $aAffelt$b Amy L.$f1970-$01488613 702 $aDavenport$b Thomas H. 801 0$bMiAaPQ 801 1$bMiAaPQ 801 2$bMiAaPQ 906 $aBOOK 912 $a9910787411403321 996 $aThe accidental data scientist$93708892 997 $aUNINA